Epidemiology by design : (Record no. 1527)

MARC details
000 -LEADER
fixed length control field 01493cam a22004335i 4500
001 - CONTROL NUMBER
control field data
005 - DATE AND TIME OF LATEST TRANSACTION
control field 20260322212104.0
006 - FIXED-LENGTH DATA ELEMENTS--ADDITIONAL MATERIAL CHARACTERISTICS
fixed length control field data
007 - PHYSICAL DESCRIPTION FIXED FIELD--GENERAL INFORMATION
fixed length control field data
008 - FIXED-LENGTH DATA ELEMENTS--GENERAL INFORMATION
fixed length control field data
035 ## - SYSTEM CONTROL NUMBER
System control number 21745461
010 ## - LIBRARY OF CONGRESS CONTROL NUMBER
LC control number 2019724951
015 ## - NATIONAL BIBLIOGRAPHY NUMBER
National bibliography number GBB9H3590
Source bnb
016 7# - NATIONAL BIBLIOGRAPHIC AGENCY CONTROL NUMBER
Record control number 019583257
Source Uk
020 ## - INTERNATIONAL STANDARD BOOK NUMBER
Canceled/invalid ISBN 9780190665760
Qualifying information paperback
020 ## - INTERNATIONAL STANDARD BOOK NUMBER
Canceled/invalid ISBN 0190665769
Qualifying information paperback
020 ## - INTERNATIONAL STANDARD BOOK NUMBER
International Standard Book Number 9780190665791
Qualifying information electronic book
040 ## - CATALOGING SOURCE
Original cataloging agency DLC
Language of cataloging eng
Description conventions rda
Transcribing agency DLC
060 #4 - NATIONAL LIBRARY OF MEDICINE CALL NUMBER
Classification number WA 105
082 04 - DEWEY DECIMAL CLASSIFICATION NUMBER
Classification number 614.4
Edition information 23
097 00 -
-- RA651
-- .W47 2020
100 1# - MAIN ENTRY--PERSONAL NAME
Personal name Westreich, Daniel,
Relator term author.
245 10 - TITLE STATEMENT
Title Epidemiology by design :
Remainder of title a causal approach to the health sciences /
Statement of responsibility, etc. Daniel Westreich.
264 #1 - PRODUCTION, PUBLICATION, DISTRIBUTION, MANUFACTURE, AND COPYRIGHT NOTICE
Place of production, publication, distribution, manufacture New York, NY :
Name of producer, publisher, distributor, manufacturer Oxford University Press,
Date of production, publication, distribution, manufacture, or copyright notice [2020]
300 ## - PHYSICAL DESCRIPTION
Extent 1 online resource
336 ## - CONTENT TYPE
Content type term text
Content type code txt
Source rdacontent
337 ## - MEDIA TYPE
Media type term computer
Media type code c
Source rdamedia
338 ## - CARRIER TYPE
Carrier type term online resource
Carrier type code cr
Source rdacarrier
504 ## - BIBLIOGRAPHY, ETC. NOTE
Bibliography, etc. note Includes bibliographical references and index.
588 ## - SOURCE OF DESCRIPTION NOTE
Source of description note Description based on print version record.
650 #0 - SUBJECT ADDED ENTRY--TOPICAL TERM
Topical term or geographic name entry element Epidemiology.
650 #2 - SUBJECT ADDED ENTRY--TOPICAL TERM
Topical term or geographic name entry element Epidemiology.
650 #7 - SUBJECT ADDED ENTRY--TOPICAL TERM
Topical term or geographic name entry element Epidemiology.
Source of heading or term fast
Authority record control number or standard number (OCoLC)fst00914091
776 08 - ADDITIONAL PHYSICAL FORM ENTRY
Relationship information Print version:
Title Epidemiology by design
Place, publisher, and date of publication New York, NY : Oxford University Press, [2020]
International Standard Book Number 9780190665760
Record control number (DLC) 2019462275
906 ## - LOCAL DATA ELEMENT F, LDF (RLIN)
a 0
b ibc
c origcop
d 1
e ecip
f 20
g y-gencatlg
925 0# -
-- acquire
-- ecip ebook
-- policy default
985 ## -
-- LC online resource
-- 2020-10-06
Holdings
Withdrawn status Lost status Damaged status Not for loan Home library Current library Shelving location Date acquired Total checkouts Full call number Barcode Date last seen Price effective from Koha item type
        Riverside Riverside General stacks 22/03/2026   614.4 LOC-RPL-00074 22/03/2026 22/03/2026 Books